Statistics for Countries By Wikipedia Word Clouds

Click here to take the quiz!

General Stats

  • This quiz has been taken 47 times
  • The average score is 10 of 10

Answer Stats

Word CloudAnswer% Correct
Made with WordClouds.comEgypt
100%
Made with WordClouds.comItaly
100%
Made with WordClouds.comTurkey
100%
Made with WordClouds.comChile
100%
Made with WordClouds.comCanada
98%
Made with WordClouds.comNew Zealand
96%
Made with WordClouds.comLaos
96%
Made with WordClouds.comAlbania
91%
Made with WordClouds.comTanzania
91%
Made with WordClouds.comBahamas
89%

Score Distribution

Percentile by Number Answered

Percent of People with Each Score

Your Score History

You have not taken this quiz